Estadísticas para Países por Imagen de Satélite Parcial #2

Haz click aquí para intentar la prueba.

Estadísticas generales

  • Esta prueba ha sido intentada 1.784 veces
  • La puntuación promedio es 11 de 15

Estadísticas de respuestas

Respuesta% Correcto
Estados Unidos
95%
Marruecos
93%
México
93%
Japón
92%
Brasil
91%
Dinamarca
89%
España
87%
Nueva Zelanda
85%
Reino Unido
77%
Venezuela
59%
Sri Lanka
53%
Suecia
44%
Papua Nueva Guinea
39%
Sudáfrica
31%
Vietnam
28%

Distribución de puntuación

Porcentaje por número respondido

Porcentaje de gente con cada puntuación

Historial de tus puntuaciones

No has intentado esta prueba.